[Event "BRA-ch U12"]
[Site "Florianopolis"]
[Date "2019.04.21"]
[Round "5"]
[White "Flesch, Gustavo Henrique"]
[Black "Kim, Thiago"]
[Result "0-1"]
[WhiteElo "1281"]
[BlackElo "1598"]
[PlyCount "78"]
[EventDate "2019.04.18"]
[EventType "swiss"]
[EventRounds "6"]
[EventCountry "BRA"]
[SourceTitle "CBM 190 Extra"]
[Source "ChessBase"]
[SourceDate "2019.07.15"]
[SourceVersion "1"]
[SourceVersionDate "2019.07.15"]
[SourceQuality "1"]

1. d4 Nf6 2. Bf4 e6 3. e3 c5 4. Nf3 b6 5. Nbd2 Bb7 6. c3 Be7 7. Bd3 cxd4 8. exd4 d6 9. Qe2 0-0 10. 0-0 Nbd7 11. Ne4 Nxe4 12. Bxe4 Bxe4 13. Qxe4 Nf6 14. Qe2 h6 15. Rad1 Qc7 16. Rfe1 Rfe8 17. Nd2 a6 18. Qf3 Rec8 19. Ne4 Nxe4 20. Qxe4 b5 21. Qd3 Bf8 22. Qg3 Kh8 23. Rd3 a5 24. Qg4 Qe7 25. Rg3 g6 26. Rh3 h5 27. Bg5 Qd7 28. Bf6+ Kg8 29. Rxh5 Bg7 30. Bxg7 Kxg7 31. Re3 Rh8 32. Reh3 Rxh5 33. Rxh5 Rh8 34. Rg5 Qc6 35. Qf3 Qc4 36. b3 Qc7 37. Qe4 Qxc3 38. g3 Qc1+ 39. Kg2 Qxg5 0-1

[Event "BRA-ch U12"]
[Site "Florianopolis"]
[Date "2019.04.21"]
[Round "6"]
[White "Ramazzotte, Maicon Zilli"]
[Black "Flesch, Gustavo Henrique"]
[Result "0-1"]
[WhiteElo "1530"]
[BlackElo "1281"]
[PlyCount "45"]
[EventDate "2019.04.18"]
[EventType "swiss"]
[EventRounds "6"]
[EventCountry "BRA"]
[SourceTitle "CBM 190 Extra"]
[Source "ChessBase"]
[SourceDate "2019.07.15"]
[SourceVersion "1"]
[SourceVersionDate "2019.07.15"]
[SourceQuality "1"]

1. e4 c5 2. Nf3 e6 3. d4 cxd4 4. Nxd4 a6 5. Nc3 Qc7 6. Be3 Bb4 7. Bd2 Nf6 8. Bd3 Nc6 9. Nb3 0-0 10. a3 Be7 11. 0-0 b5 12. f4 d6 13. Qf3 Bb7 14. Rae1 Rfd8 15. Qh3 e5 16. Nd5 Qc8 17. f5 Rb8 18. Be3 Nxd5 19. exd5 Nd4 20. Bxd4 Bxd5 21. Qh5 f6 22. Bc3 Bf7 23. Rf3 0-1

[Event "BRA-ch U12"]
[Site "Florianopolis"]
[Date "2019.04.20"]
[Round "3"]
[White "Flesch, Gustavo Henrique"]
[Black "Pereira da Silva, Breno D Alkmin"]
[Result "1-0"]
[WhiteElo "1281"]
[BlackElo "1896"]
[PlyCount "89"]
[EventDate "2019.04.18"]
[EventType "swiss"]
[EventRounds "6"]
[EventCountry "BRA"]
[SourceTitle "CBM 190 Extra"]
[Source "ChessBase"]
[SourceDate "2019.07.15"]
[SourceVersion "1"]
[SourceVersionDate "2019.07.15"]
[SourceQuality "1"]

1. d4 Nf6 2. c4 g6 3. Nf3 Bg7 4. g3 0-0 5. Bg2 d6 6. 0-0 Nbd7 7. Nc3 Re8 8. e4 e5 9. d5 Rf8 10. Qc2 h6 11. h3 Nh7 12. Be3 f5 13. exf5 gxf5 14. b4 b6 15. Rac1 Ng5 16. Qd2 Nxf3+ 17. Bxf3 Qf6 18. Nb5 f4 19. gxf4 exf4 20. Bd4 Qg5+ 21. Kh2 Ne5 22. Bxe5 dxe5 23. Nxc7 Rb8 24. Ne6 Bxe6 25. dxe6 Rfd8 26. Bd5 Kh8 27. Qe2 Rf8 28. Rg1 Qf6 29. Qg4 Rbe8 30. Qg6 Qxg6 31. Rxg6 Re7 32. Rd1 Rd8 33. Rgg1 Rc7 34. Bc6 Rf8 35. Rd7 Rxd7 36. exd7 Rd8 37. Rg6 Kg8 38. Re6 Kf7 39. Re8 Bf6 40. Kg2 Kg6 41. c5 Kf7 42. Bd5+ Kg6 43. c6 f3+ 44. Kf1 Rxe8 45. dxe8Q+ 1-0

[Event "BRA-ch U12"]
[Site "Florianopolis"]
[Date "2019.04.20"]
[Round "4"]
[White "Sarda, Pedro Sada"]
[Black "Flesch, Gustavo Henrique"]
[Result "0-1"]
[WhiteElo "1450"]
[BlackElo "1281"]
[PlyCount "74"]
[EventDate "2019.04.18"]
[EventType "swiss"]
[EventRounds "6"]
[EventCountry "BRA"]
[SourceTitle "CBM 190 Extra"]
[Source "ChessBase"]
[SourceDate "2019.07.15"]
[SourceVersion "1"]
[SourceVersionDate "2019.07.15"]
[SourceQuality "1"]

1. d4 d5 2. Nc3 Nf6 3. Bg5 Bf5 4. Nf3 e6 5. e3 Be7 6. Bd3 Bxd3 7. Qxd3 Nbd7 8. 0-0 0-0 9. Ne2 Ne4 10. Bxe7 Qxe7 11. Ne5 c5 12. c3 Nxe5 13. dxe5 f6 14. exf6 Qxf6 15. f3 Ng5 16. Ng3 Rad8 17. Qb5 b6 18. Rad1 Nf7 19. a4 Nd6 20. Qe2 Nc4 21. e4 Qf4 22. Rfe1 Ne5 23. exd5 Ng6 24. dxe6 Rxd1 25. Rxd1 Re8 26. Re1 Qf6 27. Qc4 Kh8 28. Qg4 Ne5 29. Qf5 Qxe6 30. Qxe6 Rxe6 31. Kh1 Re7 32. Kg1 Nxf3+ 33. gxf3 Rxe1+ 34. Kf2 Rb1 35. Ke3 Rxb2 36. Kd3 Ra2 37. Ne4 Rxa4 0-1

[Event "BRA-ch U12"]
[Site "Florianopolis"]
[Date "2019.04.19"]
[Round "2"]
[White "Flesch, Gustavo Henrique"]
[Black "Bittencourt, Arian G Decezare"]
[Result "1-0"]
[WhiteElo "1281"]
[BlackElo "1800"]
[PlyCount "103"]
[EventDate "2019.04.18"]
[EventType "swiss"]
[EventRounds "6"]
[EventCountry "BRA"]
[SourceTitle "CBM 190 Extra"]
[Source "ChessBase"]
[SourceDate "2019.07.15"]
[SourceVersion "1"]
[SourceVersionDate "2019.07.15"]
[SourceQuality "1"]

1. e4 e5 2. Nf3 Nc6 3. Bb5 a6 4. Ba4 b5 5. Bb3 Bc5 6. 0-0 Nf6 7. d3 h6 8. Nc3 d6 9. Be3 Ba7 10. Nd5 Bg4 11. Nxf6+ Qxf6 12. Bd5 Bd7 13. Qd2 Rc8 14. Bxc6 Bxc6 15. Bxa7 0-0 16. Be3 d5 17. Bc5 Rfd8 18. Qb4 dxe4 19. dxe4 a5 20. Qxa5 Bxe4 21. Qc3 Qg6 22. Rfe1 Rd5 23. Qe3 f5 24. Bb4 Rcd8 25. Nh4 Qg4 26. f3 Qxh4 27. fxe4 fxe4 28. Qxe4 Qg5 29. Bc3 c5 30. Bxe5 Rd2 31. Bf4 Rxg2+ 32. Qxg2 Qxf4 33. Re7 Qf6 34. Rae1 Qd4+ 35. Kh1 Rd5 36. Re8+ Kh7 37. Qe4+ Qxe4+ 38. R1xe4 Rd2 39. Re2 Rd5 40. R2e5 Rd2 41. Rxc5 b4 42. Re4 Rd1+ 43. Kg2 Ra1 44. Rxb4 Rxa2 45. Rb7 Ra6 46. b4 Rg6+ 47. Kh3 Re6 48. Rcc7 Re3+ 49. Kg4 Re4+ 50. Kf3 Rh4 51. Rxg7+ Kh8 52. Rgc7 1-0

[Event "BRA-ch U12"]
[Site "Florianopolis"]
[Date "2019.04.18"]
[Round "1"]
[White "De Siqueira, Luigy Lira"]
[Black "Flesch, Gustavo Henrique"]
[Result "1-0"]
[WhiteElo "1767"]
[BlackElo "1281"]
[PlyCount "80"]
[EventDate "2019.04.18"]
[EventType "swiss"]
[EventRounds "6"]
[EventCountry "BRA"]
[SourceTitle "CBM 190 Extra"]
[Source "ChessBase"]
[SourceDate "2019.07.15"]
[SourceVersion "1"]
[SourceVersionDate "2019.07.15"]
[SourceQuality "1"]

1. e4 c5 2. Nf3 e6 3. d4 cxd4 4. Nxd4 a6 5. c4 Nf6 6. Bd3 Nc6 7. Nxc6 dxc6 8. 0-0 Bd6 9. Be3 0-0 10. Qe2 Qe7 11. a3 a5 12. Nc3 Rd8 13. Na4 Bb8 14. Bc5 Qc7 15. f4 Nd7 16. Be3 e5 17. Rad1 Nf6 18. h3 Ba7 19. Bxa7 Rxa7 20. Bc2 Rxd1 21. Rxd1 b5 22. cxb5 cxb5 23. Qxb5 Bd7 24. Qxe5 Qxc2 25. Nc3 Ra8 26. Qd4 Rb8 27. b4 axb4 28. axb4 Rc8 29. Nd5 Nxd5 30. Qxd5 Be8 31. Ra1 Qc6 32. Qd4 Qc3 33. Qxc3 Rxc3 34. Kf2 g6 35. Ra8 Kf8 36. b5 Rb3 37. b6 Rxb6 38. Ke3 Re6 39. e5 Kg7 40. Ra7 Kf8 1-0

[Event "Catarinense-ch"]
[Site "Blumenau"]
[Date "2017.05.21"]
[Round "6"]
[White "Flesch, Gustavo Henrique"]
[Black "Machado, Igor Maciel da Cost"]
[Result "1-0"]
[WhiteElo "1202"]
[BlackElo "1730"]
[PlyCount "42"]
[EventDate "2017.05.19"]
[EventType "swiss"]
[EventRounds "6"]
[EventCountry "BRA"]
[SourceTitle "CBM 178 Extra"]
[Source "ChessBase"]
[SourceDate "2017.06.22"]
[SourceVersion "1"]
[SourceVersionDate "2017.06.22"]
[SourceQuality "1"]

1. e4 c6 2. d4 d5 3. Nc3 dxe4 4. Nxe4 Nf6 5. Bd3 Qxd4 6. Nxf6+ exf6 7. Nf3 Qd8 8. Bf4 Be6 9. 0-0 Bd6 10. Qd2 Qc7 11. Bxd6 Qxd6 12. Rfe1 0-0 13. Bxh7+ Kxh7 14. Qxd6 Nd7 15. Nd4 Bc4 16. Qxd7 Rad8 17. Qh3+ Kg8 18. Nf3 Rfe8 19. Rxe8+ Rxe8 20. Re1 Rd8 21. Qh4 Be6 1-0

[Event "Curitiba IEP&Copel op"]
[Site "Curitiba"]
[Date "2017.05.14"]
[Round "5"]
[White "Flesch, Gustavo Henrique"]
[Black "Mesquita, Victor Noronha"]
[Result "1-0"]
[WhiteElo "1202"]
[BlackElo "1783"]
[PlyCount "65"]
[EventDate "2017.05.12"]
[EventType "swiss"]
[EventRounds "6"]
[EventCountry "BRA"]
[SourceTitle "CBM 178 Extra"]
[Source "ChessBase"]
[SourceDate "2017.06.22"]
[SourceVersion "1"]
[SourceVersionDate "2017.06.22"]
[SourceQuality "1"]

1. e4 Nf6 2. Nc3 d5 3. e5 d4 4. exf6 dxc3 5. fxg7 cxd2+ 6. Bxd2 Bxg7 7. c3 Bf5 8. Nf3 Nc6 9. Bb5 Bd7 10. 0-0 a6 11. Ba4 e6 12. Bf4 e5 13. Re1 f6 14. Qb3 b5 15. Bxb5 axb5 16. Qxb5 Rb8 17. Qe2 Qc8 18. Rad1 Bg4 19. h3 Bxf3 20. Qxf3 Qb7 21. Qg3 Kf8 22. Rd7 Rg8 23. Be3 Bh8 24. Bc5+ Ke8 25. Qxg8+ Kxd7 26. Rd1+ Nd4 27. Qf7+ Kc6 28. b4 Ne2+ 29. Kf1 Nxc3 30. Rc1 Ne4 31. Ba7+ Kd6 32. Rd1+ Kc6 33. Qd7# 1-0

[Event "Curitiba IEP&Copel op"]
[Site "Curitiba"]
[Date "2017.05.12"]
[Round "2"]
[White "Lunelli, Neuri Antonio"]
[Black "Flesch, Gustavo Henrique"]
[Result "1-0"]
[WhiteElo "1817"]
[BlackElo "1202"]
[PlyCount "91"]
[EventDate "2017.05.12"]
[EventType "swiss"]
[EventRounds "6"]
[EventCountry "BRA"]
[SourceTitle "CBM 178 Extra"]
[Source "ChessBase"]
[SourceDate "2017.06.22"]
[SourceVersion "1"]
[SourceVersionDate "2017.06.22"]
[SourceQuality "1"]

1. d4 d5 2. Nf3 Nf6 3. g3 Bg4 4. Bg2 e6 5. 0-0 c5 6. e3 Nc6 7. c4 dxc4 8. Nc3 cxd4 9. exd4 Nxd4 10. Qa4+ Nc6 11. Ne5 Bc5 12. Nxc6 bxc6 13. Qxc6+ Nd7 14. Qxa8 Qxa8 15. Bxa8 Ne5 16. Be3 Bxe3 17. fxe3 0-0 18. Bg2 Nd3 19. h3 Bh5 20. g4 Bg6 21. Be4 Bxe4 22. Nxe4 Nxb2 23. Rf2 Nd3 24. Rc2 Rc8 25. Nd6 Rc6 26. Rxc4 Rxc4 27. Nxc4 Nc5 28. Rd1 h6 29. Rd4 Kh7 30. Nd2 g6 31. Ne4 Nxe4 32. Rxe4 Kg7 33. Ra4 f5 34. Rxa7+ Kf6 35. Kg2 g5 36. Kf3 fxg4+ 37. hxg4 e5 38. Ra6+ Kg7 39. Ke4 h5 40. gxh5 g4 41. Kxe5 g3 42. Kf5 g2 43. Rg6+ Kf7 44. h6 g1Q 45. Rxg1 Kf8 46. Ke6 1-0

[Event "Curitiba Sul Region-ch"]
[Site "Curitiba"]
[Date "2017.04.15"]
[Round "4"]
[White "Flesch, Gustavo Henrique"]
[Black "Salvadego, Erika Giovana De O"]
[Result "1/2-1/2"]
[WhiteElo "1226"]
[BlackElo "1102"]
[PlyCount "104"]
[EventDate "2017.04.14"]
[EventType "swiss"]
[EventRounds "6"]
[EventCountry "BRA"]
[SourceTitle "CBM 178 Extra"]
[Source "ChessBase"]
[SourceDate "2017.06.22"]
[SourceVersion "1"]
[SourceVersionDate "2017.06.22"]
[SourceQuality "1"]

1. e4 e6 2. d4 d5 3. Nc3 Nf6 4. Bg5 Be7 5. exd5 exd5 6. Nf3 h6 7. Bh4 0-0 8. Qd2 Nfd7 9. Bg3 Re8 10. 0-0-0 Nb6 11. Kb1 Bg4 12. Be2 N6d7 13. Nxd5 c6 14. Nc7 Na6 15. Nxe8 Qxe8 16. h3 Be6 17. Rhe1 Qd8 18. Bxa6 bxa6 19. Ne5 Nxe5 20. dxe5 Qb6 21. Qe3 Bc5 22. Qd3 Rb8 23. b3 g6 24. Qc3 Bb4 25. Qe3 Bxe1 26. Rxe1 Qxe3 27. Rxe3 Rd8 28. Rd3 Rb8 29. f3 a5 30. Kc1 Bf5 31. Rd6 Rc8 32. Bf2 a6 33. a4 c5 34. Kb2 c4 35. Rxa6 cxb3 36. Kxb3 Bxc2+ 37. Ka3 Rc3+ 38. Kb2 Rc4 39. Rxa5 Bxa4 40. Rc5 Rxc5 41. Bxc5 Bd1 42. f4 Be2 43. g3 Bf1 44. h4 Bh3 45. Kc2 Kg7 46. Kd2 f6 47. Ke3 fxe5 48. fxe5 Kf7 49. Ke4 Ke6 50. Be3 h5 51. Bg5 Bg2+ 52. Kf4 Bh3 1/2-1/2

[Event "Florianopolis op 3rd"]
[Site "Florianopolis"]
[Date "2017.01.26"]
[Round "10"]
[White "Perondi, Marcelo"]
[Black "Flesch, Gustavo Henrique"]
[Result "1-0"]
[WhiteElo "1538"]
[BlackElo "1249"]
[PlyCount "119"]
[EventDate "2017.01.20"]
[EventType "swiss"]
[EventRounds "10"]
[EventCountry "BRA"]
[SourceTitle "EXT 2018"]
[Source "ChessBase"]
[SourceDate "2017.10.13"]
[SourceVersion "1"]
[SourceVersionDate "2017.10.13"]
[SourceQuality "1"]

1. Nf3 d5 2. c4 Nf6 3. g3 Nc6 4. b3 Bg4 5. Bg2 e6 6. Bb2 Be7 7. 0-0 0-0 8. h3 Bh5 9. Na3 Qd7 10. Nc2 Na5 11. d3 Nc6 12. Qd2 h6 13. Rac1 Qd8 14. cxd5 Nxd5 15. Ne3 Bf6 16. Bxf6 Qxf6 17. Nxd5 exd5 18. Rc5 Rad8 19. Ne1 Qe6 20. g4 Bg6 21. d4 Rfe8 22. e3 Be4 23. f3 Bg6 24. Nc2 Bxc2 25. Rxc2 Qxe3+ 26. Qxe3 Rxe3 27. Rd1 Rde8 28. Kf2 R8e7 29. Rdd2 Nb4 30. Rxc7 Rxc7 31. Kxe3 Rc2 32. f4 Rxa2 33. Rxa2 Nxa2 34. Bxd5 b6 35. Kd3 b5 36. Ke4 Kf8 37. Ke5 Ke7 38. Bc6 Nc3 39. d5 Kd8 40. Kd4 Ne2+ 41. Ke3 Nc3 42. Kd3 Nd1 43. Bxb5 Nf2+ 44. Kd4 Nxh3 45. Ke5 g6 46. Kf6 h5 47. f5 Nf2 48. Kxf7 Ne4 49. Ke6 Ng5+ 50. Ke5 Nf7+ 51. Ke6 Ng5+ 52. Kd6 h4 53. Kc6 h3 54. Bf1 Ne4 55. Bxh3 Nd2 56. f6 Nxb3 57. f7 Nd4+ 58. Kd6 Ne6 59. dxe6 a6 60. f8Q# 1-0

[Event "Florianopolis op 3rd"]
[Site "Florianopolis"]
[Date "2017.01.25"]
[Round "8"]
[White "Oliveira, Marinaldo Santos"]
[Black "Flesch, Gustavo Henrique"]
[Result "1-0"]
[WhiteElo "1674"]
[BlackElo "1249"]
[PlyCount "65"]
[EventDate "2017.01.20"]
[EventType "swiss"]
[EventRounds "10"]
[EventCountry "BRA"]
[SourceTitle "CBM 176 Extra"]
[Source "ChessBase"]
[SourceDate "2017.03.02"]
[SourceVersion "1"]
[SourceVersionDate "2017.03.02"]
[SourceQuality "1"]

1. d4 d5 2. c4 e6 3. Nc3 Nf6 4. Nf3 c5 5. cxd5 exd5 6. e3 Nc6 7. Bb5 a6 8. Ba4 b5 9. Bc2 Bg4 10. Bd2 cxd4 11. exd4 Nxd4 12. Bg5 Nxf3+ 13. gxf3 Be6 14. 0-0 Bd6 15. Re1 0-0 16. Qd3 g6 17. h4 Be7 18. f4 Bf5 19. Qd2 Bxc2 20. Qxc2 Re8 21. Rad1 Rc8 22. Qb3 Rc4 23. Bxf6 Bxf6 24. Rxe8+ Qxe8 25. Nxd5 Bxh4 26. Qh3 Bd8 27. Ne3 Rxf4 28. Nd5 Rf5 29. Kf1 Qe6 30. Qd3 Bh4 31. f4 Bg5 32. Qd4 Kf8 33. Qh8# 1-0

[Event "BRA-ch U16"]
[Site "Itajai"]
[Date "2016.06.11"]
[Round "5"]
[White "Schena, Arthur"]
[Black "Flesch, Gustavo Henrique"]
[Result "1-0"]
[WhiteElo "1601"]
[BlackElo "1297"]
[PlyCount "77"]
[EventDate "2016.06.09"]
[EventType "swiss"]
[EventRounds "6"]
[EventCountry "BRA"]
[SourceTitle "CBM 172 Extra"]
[Source "ChessBase"]
[SourceDate "2016.06.21"]
[SourceVersion "1"]
[SourceVersionDate "2016.06.21"]
[SourceQuality "1"]

1. Nf3 d5 2. g3 Nf6 3. Bg2 Bf5 4. 0-0 Nc6 5. d4 e6 6. c4 Bd6 7. Nc3 0-0 8. Bg5 Be7 9. e3 h6 10. Bf4 Bd6 11. Ne5 Ne4 12. Nxe4 Bxe4 13. Bxe4 dxe4 14. Qg4 f6 15. Nxc6 bxc6 16. Qxe6+ Kh8 17. Qxe4 Bxf4 18. Qxf4 Rb8 19. b3 Qd6 20. Qxd6 cxd6 21. f3 Rfe8 22. Kf2 Re7 23. Rfe1 Reb7 24. e4 a5 25. Re3 Rd8 26. d5 c5 27. f4 Re7 28. g4 Rde8 29. Kf3 g6 30. Rae1 Kg7 31. h4 Rf8 32. Kg3 Rfe8 33. R1e2 f5 34. gxf5 gxf5 35. e5 dxe5 36. fxe5 Kg6 37. Kf4 Ra7 38. h5+ Kxh5 39. Rg3 1-0

[Event "Blumenau Taca Santa Catarina op"]
[Site "Blumenau"]
[Date "2015.11.06"]
[Round "2.24"]
[White "Flesch, Gustavo Henrique"]
[Black "Fischer, Patricia Helena"]
[Result "0-1"]
[WhiteElo "1314"]
[BlackElo "1696"]
[PlyCount "32"]
[EventDate "2015.11.06"]
[EventType "swiss"]
[EventRounds "6"]
[EventCountry "BRA"]
[SourceTitle "EXT 2022"]
[Source "ChessBase"]
[SourceDate "2021.10.06"]
[SourceVersion "1"]
[SourceVersionDate "2021.10.06"]
[SourceQuality "1"]

1. e4 e5 2. Nf3 d5 3. Nxe5 Bd6 4. d4 dxe4 5. Qe2 Nf6 6. Nc3 Bb4 7. a3 Qxd4 8. axb4 Qxe5 9. g3 Nc6 10. Bf4 Qe7 11. Nb5 0-0 12. Nxc7 Qxb4+ 13. Bd2 Qxb2 14. Qd1 Bg4 15. Rb1 Qe5 16. Bf4 Qa5+ 0-1

[Event "Matinhos Caioba-ch"]
[Site "Matinhos"]
[Date "2015.08.30"]
[Round "5"]
[White "Flesch, Gustavo Henrique"]
[Black "Pasqualotto, Amos Petronio"]
[Result "0-1"]
[WhiteElo "1712"]
[BlackElo "1401"]
[PlyCount "71"]
[EventDate "2015.08.28"]
[EventType "swiss"]
[EventRounds "6"]
[EventCountry "BRA"]
[SourceTitle "EXT 2016"]
[Source "ChessBase"]
[SourceDate "2015.10.08"]
[SourceVersion "1"]
[SourceVersionDate "2015.10.08"]
[SourceQuality "1"]

1. e4 e5 2. Nf3 Nc6 3. Bb5 a6 4. Ba4 Nf6 5. Nc3 Bb4 6. a3 Ba5 7. d3 0-0 8. Bd2 d6 9. 0-0 Bg4 10. h3 Be6 11. Bb3 Qd7 12. Ng5 Nd4 13. Nxe6 fxe6 14. Re1 Nxb3 15. cxb3 Qf7 16. f3 Bb6+ 17. Kh2 Qg6 18. Rc1 Bf2 19. Rf1 Bg3+ 20. Kg1 Nh5 21. b4 Bf4 22. Qe1 Bg3 23. Qe2 Bf4 24. Qd1 Bxd2 25. Qxd2 Nf4 26. Rf2 Nxh3+ 27. Kf1 Nxf2 28. Kxf2 Rf6 29. Ne2 c6 30. Rh1 Raf8 31. Rh3 Qe8 32. Kg1 Qg6 33. Rg3 Qh6 34. Rh3 Qxd2 35. Kf2 Qxb2 36. Kf1 0-1

[Event "Matinhos Caioba-ch"]
[Site "Matinhos"]
[Date "2015.08.29"]
[Round "3"]
[White "Vilela, Bruno Ailton"]
[Black "Flesch, Gustavo Henrique"]
[Result "1-0"]
[WhiteElo "1642"]
[BlackElo "1712"]
[PlyCount "43"]
[EventDate "2015.08.28"]
[EventType "swiss"]
[EventRounds "6"]
[EventCountry "BRA"]
[SourceTitle "EXT 2016"]
[Source "ChessBase"]
[SourceDate "2015.10.08"]
[SourceVersion "1"]
[SourceVersionDate "2015.10.08"]
[SourceQuality "1"]

1. e4 e5 2. Nf3 Nc6 3. d4 exd4 4. Nxd4 Bc5 5. Be3 Qf6 6. c3 Na5 7. b4 Bxd4 8. Bxd4 Qe6 9. bxa5 Qxe4+ 10. Qe2 Qxe2+ 11. Bxe2 f6 12. Na3 b6 13. Nb5 Kd8 14. axb6 axb6 15. 0-0 Ba6 16. c4 Ne7 17. Bf3 Rb8 18. Rac1 Nf5 19. Rfd1 c6 20. Na3 c5 21. Bb2 Nh4 22. Bc6 1-0

[Event "Matinhos Caioba-ch"]
[Site "Matinhos"]
[Date "2015.08.28"]
[Round "2"]
[White "Flesch, Gustavo Henrique"]
[Black "Da Silva, Janderson Rossi"]
[Result "0-1"]
[WhiteElo "1712"]
[BlackElo "1849"]
[PlyCount "88"]
[EventDate "2015.08.28"]
[EventType "swiss"]
[EventRounds "6"]
[EventCountry "BRA"]
[SourceTitle "EXT 2016"]
[Source "ChessBase"]
[SourceDate "2015.10.08"]
[SourceVersion "1"]
[SourceVersionDate "2015.10.08"]
[SourceQuality "1"]

1. e4 d5 2. exd5 Nf6 3. Nc3 Nxd5 4. Nxd5 Qxd5 5. Qf3 e6 6. Qxd5 exd5 7. d4 Bf5 8. Bd3 Bxd3 9. cxd3 Nc6 10. Nf3 Bb4+ 11. Bd2 0-0 12. a3 Rfe8+ 13. Kd1 Bd6 14. Kc2 Re7 15. Rhe1 Rae8 16. Rxe7 Rxe7 17. Re1 Rxe1 18. Bxe1 f5 19. h3 h6 20. g4 fxg4 21. hxg4 Kf7 22. Kd2 Bf4+ 23. Ke2 Ke6 24. Bd2 Bxd2 25. Kxd2 g6 26. Ke3 a5 27. Kf4 a4 28. g5 h5 29. Kg3 Kf5 30. Kh4 Kf4 31. Ne5 Nxe5 32. dxe5 Kxe5 33. Kg3 Kd4 34. Kf4 Kxd3 35. Ke5 c6 36. f4 h4 37. f5 h3 38. f6 h2 39. f7 h1Q 40. f8Q Qe4+ 41. Kd6 Ke3 42. Qf7 d4 43. Qf1 Qf4+ 44. Qxf4+ Kxf4 0-1